<?xml version="1.0" encoding="UTF-8"?><?xml-stylesheet type="text/xsl" href="static/style.xsl"?><OAI-PMH xmlns="http://www.openarchives.org/OAI/2.0/" xmlns:xsi="http://www.w3.org/2001/XMLSchema-instance" xsi:schemaLocation="http://www.openarchives.org/OAI/2.0/ http://www.openarchives.org/OAI/2.0/OAI-PMH.xsd"><responseDate>2026-04-17T07:59:45Z</responseDate><request verb="GetRecord" identifier="oai:www.recercat.cat:10230/57541" metadataPrefix="marc">https://recercat.cat/oai/request</request><GetRecord><record><header><identifier>oai:recercat.cat:10230/57541</identifier><datestamp>2025-12-13T20:51:41Z</datestamp><setSpec>com_2072_6</setSpec><setSpec>col_2072_452954</setSpec></header><metadata><record xmlns="http://www.loc.gov/MARC21/slim" xmlns:dcterms="http://purl.org/dc/terms/" xmlns:xsi="http://www.w3.org/2001/XMLSchema-instance" xmlns:doc="http://www.lyncode.com/xoai" xsi:schemaLocation="http://www.loc.gov/MARC21/slim http://www.loc.gov/standards/marcxml/schema/MARC21slim.xsd">
   <leader>00925njm 22002777a 4500</leader>
   <datafield ind2=" " ind1=" " tag="042">
      <subfield code="a">dc</subfield>
   </datafield>
   <datafield ind2=" " ind1=" " tag="720">
      <subfield code="a">Grau García, Juan Carlos</subfield>
      <subfield code="e">author</subfield>
   </datafield>
   <datafield ind2=" " ind1=" " tag="260">
      <subfield code="c">2023-07-11T11:52:26Z</subfield>
   </datafield>
   <datafield ind2=" " ind1=" " tag="260">
      <subfield code="c">2023-07-11T11:52:26Z</subfield>
   </datafield>
   <datafield ind2=" " ind1=" " tag="260">
      <subfield code="c">2023-06-28</subfield>
   </datafield>
   <datafield ind2=" " ind1=" " tag="520">
      <subfield code="a">Treball de Fi de Grau en Dret. Curs 2022-2023</subfield>
   </datafield>
   <datafield ind2=" " ind1=" " tag="520">
      <subfield code="a">Tutora: Raquel Montaner Fernández</subfield>
   </datafield>
   <datafield ind2=" " ind1=" " tag="520">
      <subfield code="a">El delito de blanqueo de capitales es una figura delictiva de creación relativamente nueva, cuyo origen se sitúa en la década de los años sesenta en los Estados Unidos de América. Con todo, se trata de uno de los tipos penales sujetos a mayor renovación y modificación, habida cuenta de los nuevos métodos de criminalidad que surgen para eludirla. Este trabajo tiene por objeto uno de ellos: el uso de las nuevas tecnologías blockchain en la&#xd;
ejecución del delito de blanqueo de capitales y, más específicamente, en cómo los criptoactivos pueden beneficiar y aportar ventajas a los esquemas de blanqueo de capitales.</subfield>
   </datafield>
   <datafield ind2=" " ind1=" " tag="520">
      <subfield code="a">Money laundering is a crime of relatively new creation, whose origin is located in the decade of the sixties in the United States of America. However, it is one of the criminal offences subject to greater renewal and modification, given the new methods of criminality that arise to avoid it. This work aims at one of them: the use of new blockchain technologies in the execution of the crime of money laundering and, more specifically, how crypto-assets can benefit and bring advantages to money laundering schemes.</subfield>
   </datafield>
   <datafield tag="653" ind2=" " ind1=" ">
      <subfield code="a">Treball de fi de grau – Curs 2022-2023</subfield>
   </datafield>
   <datafield tag="653" ind2=" " ind1=" ">
      <subfield code="a">Blanqueig de diners – Dret i legislació</subfield>
   </datafield>
   <datafield tag="653" ind2=" " ind1=" ">
      <subfield code="a">Dret penal econòmic</subfield>
   </datafield>
   <datafield ind2="0" ind1="0" tag="245">
      <subfield code="a">El blanqueo de capitales con criptoactivos: una aproximación a los nuevos métodos de blanqueo</subfield>
   </datafield>
</record></metadata></record></GetRecord></OAI-PMH>